000 00535nam a2200145Ia 4500
008 231221s9999 xx 000 0 und d
020 _a978-1-4419-9526-1
041 _aEnglish
100 _aJohn Hu, Mohammed Ismail
245 0 _aCMOS High Efficiency On-chip Power Management
260 _c2011
_bSpringer New York
_aNew York
440 _aAnalog Circuits and Signal Processing
650 _aCircuits and Systems; Electronics and Microelectronics, Instrumentation; Power Electronics, Electrical Machines and Networks
942 _cEB
999 _c226591
_d226591